| 000 | 01724nam a22003857a 4500 | ||
|---|---|---|---|
| 001 | 0004454 | ||
| 003 | KOHA_MİRAKIL | ||
| 005 | 20260207001412.0 | ||
| 007 | ta | ||
| 008 | 090507b1997 tu |||gr||||#||||0|tur | | ||
| 020 |
_a9751609275 _c0,01 |
||
| 040 |
_aTR-BiSEU _btur _cTR-BiSEU _erda |
||
| 041 | 0 | _atur | |
| 044 | _ctu | ||
| 050 |
_aGA1303.5 _b.T45 1997 |
||
| 100 | 1 | _aTekeli, Sevim. | |
| 245 | 1 |
_aİlk Japon haritasını çizen Türk Kaşgarlı Mahmud ve Kristof Kolomb'un haritasına dayanarak en eski Amerika haritasını çizen Türk amirali Piri Reis= The oldest map of Japan drawn by a Turk Mahmud of Kashgar and the mapof America by Piri Reis/ _cSevim Tekeli ; Sevim Tekeli; editör Songül Bolbeyi. |
|
| 264 | 1 |
_aAnkara : _bAtatürk Yüksek Kurumu Atatürk Kültür Merkezi Başkanlığı _c1997 |
|
| 300 |
_a63 sayfa: resimli ; _c18 cm. |
||
| 336 |
_ametin _btxt _2rdacontent |
||
| 337 |
_aaracısız _bn _2rdamedia |
||
| 338 |
_acilt _bnc _2rdacarrier |
||
| 490 | 1 |
_aAtatürk Yüksek Kurumu.Atatürk Kültür Merkezi yayını ; _v129. |
|
| 490 | 1 |
_aTürk Kültüründen görüntüler dizisi ; _v23. |
|
| 500 | _aMetnin dili Türkçe-İngilizce'dir. | ||
| 650 | 0 |
_aPiri Reis,--1465?-1554. _910941 |
|
| 650 | 0 |
_aKaşgarlı Mahmud. _910942 |
|
| 650 | 0 |
_aCartography--Turkey--History. _910943 |
|
| 650 | 0 |
_aCartographers--Turkey--History--Ottoman Empire 1288-1918. _910944 |
|
| 650 | 0 |
_aHaritacılık--Türkiye--Tarih. _910945 |
|
| 650 | 0 |
_aHaritacılar--Türkiye--Tarih--Osmanlı İmparatorluğu 1288-1918. _910946 |
|
| 830 | 1 |
_aAtatürk Yüksek Kurumu.Atatürk Kültür Merkezi yayını ; _v129. _910947 |
|
| 830 | 1 |
_aTürk Kültüründen görüntüler dizisi ; _v23. _910948 |
|
| 942 |
_2lcc _cBK |
||
| 999 |
_c4436 _d4436 |
||